[Event "Perth op"]
[Site "Perth"]
[Date "2023.01.06"]
[Round "7"]
[White "Bassig, Hamish"]
[Black "Barry, David"]
[Result "1-0"]
[WhiteElo "1973"]
[BlackElo "1647"]
[PlyCount "53"]
[EventDate "2023.01.02"]
[EventType "swiss"]
[EventRounds "11"]
[EventCountry "AUS"]
[SourceTitle "CBM 212 Extra"]
[Source "ChessBase"]
[SourceDate "2023.03.31"]
[SourceVersion "1"]
[SourceVersionDate "2023.03.31"]
[SourceQuality "1"]

1. d4 Nf6 2. Nf3 d5 3. Bf4 c5 4. e3 Nc6 5. Nbd2 Qb6 6. dxc5 Qxb2 7. Rb1 Qc3 8. Bb5 e6 9. 0-0 Qxc5 10. c4 a6 11. Bxc6+ bxc6 12. Qa4 Bd7 13. Ne5 Qa3 14. Qc2 Bd6 15. cxd5 Bxe5 16. dxe6 0-0 17. Bxe5 Bxe6 18. Bxf6 gxf6 19. Ne4 Qxa2 20. Nxf6+ Kg7 21. Qc3 Kg6 22. Ne4 f6 23. f4 Bf5 24. Rb2 Qd5 25. Nc5 Rfb8 26. e4 Bxe4 27. Rd2 1-0

[Event "Perth op"]
[Site "Perth"]
[Date "2023.01.03"]
[Round "2"]
[White "Gunawan, Marco"]
[Black "Barry, David"]
[Result "1/2-1/2"]
[WhiteElo "1507"]
[BlackElo "1647"]
[PlyCount "64"]
[EventDate "2023.01.02"]
[EventType "swiss"]
[EventRounds "11"]
[EventCountry "AUS"]
[SourceTitle "CBM 212 Extra"]
[Source "ChessBase"]
[SourceDate "2023.03.31"]
[SourceVersion "1"]
[SourceVersionDate "2023.03.31"]
[SourceQuality "1"]

1. c4 Nf6 2. Nc3 e6 3. d4 Bb4 4. Bd2 c5 5. e3 cxd4 6. exd4 d5 7. Nf3 0-0 8. c5 b6 9. a3 Bxc3 10. Bxc3 Ne4 11. Qc2 Nxc3 12. Qxc3 bxc5 13. dxc5 a5 14. b4 e5 15. Rc1 d4 16. Qd2 axb4 17. axb4 Qd5 18. Bc4 Qe4+ 19. Qe2 Qxe2+ 20. Kxe2 Be6 21. Bxe6 fxe6 22. Rc2 Nc6 23. b5 d3+ 24. Kxd3 Nb4+ 25. Kc3 Nxc2 26. Kxc2 Ra5 27. Rb1 Rb8 28. Nxe5 Raxb5 29. Rxb5 Rxb5 30. Nd3 Kf7 31. Kc3 Ke7 32. Kd4 Ra5 1/2-1/2